000 01615nam a2200421Ia 4500
001 ebr10135666
003 CaPaEBR
006 m u
007 cr cn|||||||||
008 050425s2005 nyuaf sb 001 0 eng d
010 _z 2005048676
015 _aGBA590677
_2bnb
016 7 _z013321318
_2Uk
020 _z1403982074
020 _z1403969957
020 _z1403969965 (pbk.)
040 _aCaPaEBR
_cCaPaEBR
035 _a(OCoLC)560468858
050 1 4 _aDS778.7
_b.W445 2005eb
082 0 4 _a951.05/6
_222
100 1 _aYe, Weili.
245 1 0 _aGrowing up in the People's Republic
_h[electronic resource] :
_bconversations between two daughters of China's revolution /
_cYe Weili with Ma Xiaodong.
250 _a1st ed.
260 _aNew York :
_bPalgrave Macmillan,
_c2005.
300 _axxiv, 177 p., [8] p. of plates :
_bill.
490 1 _aPalgrave studies in oral history
504 _aIncludes bibliographical references (p. [157]-165) and index.
533 _aElectronic reproduction.
_bPalo Alto, Calif. :
_cebrary,
_d2009.
_nAvailable via World Wide Web.
_nAccess may be limited to ebrary affiliated libraries.
600 1 0 _aYe, Weili.
600 1 0 _aMa, Xiaodong.
651 0 _aChina
_xHistory
_y20th century.
651 0 _aChina
_xHistory
_yCultural Revolution, 1966-1976
_vPersonal narratives.
655 7 _aElectronic books.
_2local
700 1 _aMa, Xiaodong.
710 2 _aebrary, Inc.
830 0 _aPalgrave studies in oral history.
856 4 0 _uhttp://site.ebrary.com/lib/rucke/Doc?id=10135666
_zAn electronic book accessible through the World Wide Web; click to view
999 _c87578
_d87578